Teatro crítico (Record no. 62251)

MARC details
000 -LEADER
campo de control de longitud fija 01017nam a2200265 i 4500
001 - NÚMERO DE CONTROL
campo de control 62251
003 - IDENTIFICADOR DE NÚMERO DE CONTROL
campo de control ES-MaACL
005 - FECHA Y HORA DE LA ÚLTIMA TRANSACCIÓN
campo de control 20250724063409.0
007 - CAMPO FIJO DE DESCRIPCIÓN FÍSICA--INFORMACIÓN GENERAL
campo de control de longitud fija t|
008 - DATOS DE LONGITUD FIJA--INFORMACIÓN GENERAL
campo de control de longitud fija 031119s1985 sp ||||1| spa d
020 ## - NÚMERO INTERNACIONAL ESTÁNDAR DEL LIBRO
Número Internacional Estándar del Libro 84-85887-82-4
100 1# - ENTRADA PRINCIPAL--NOMBRE DE PERSONA
Nombre de persona Feijoo, Benito Jerónimo,
Fechas asociadas al nombre 1676-1764
9 (RLIN) 49105
245 10 - MENCIÓN DEL TÍTULO
Título Teatro crítico
Resto del título : ensayos filosóficos /
Mención de responsabilidad, etc. Benito Jerónimo Feijoo ; introducción y selección de textos a cargo de Eduardo Subirats Rüggeberg.
250 ## - MENCION DE EDICION
Mención de edición 1ª ed.
260 ## - PUBLICACIÓN, DISTRIBUCIÓN, ETC.
Lugar de publicación, distribución, etc. Barcelona :
Nombre del editor, distribuidor, etc. Anthropos,
Fecha de publicación, distribución, etc. 1985.
300 ## - DESCRIPCIÓN FÍSICA
Extensión 338 p. ;
Dimensiones 20 cm.
490 1# - MENCIÓN DE SERIE
Mención de serie Pensamiento crítico/pensamiento utópico ;
Designación de volumen o secuencia 17
500 ## - NOTA GENERAL
Nota general Los textos seleccionados son reprod. facs. de 1ª ed. de: Madrid : Imp. Herederos de Francisco del Hierro, 1748-1750.
655 #7 - TERMINO DE INDIZACIÓN--GENERO/FORMA
Fuente del término tgfbne
9 (RLIN) 226495
Datos o término principal de género/forma Facsímiles
700 1# - ENTRADA AGREGADA--NOMBRE PERSONAL
Nombre de persona Subirats, Eduardo.
9 (RLIN) 108696
830 0# - PUNTO DE ACCESO ADICIONAL DE SERIE-TÍTULO UNIFORME
Título uniforme Pensamiento crítico/pensamiento utópico ;
Designación de volumen o secuencia 17
9 (RLIN) 177290
852 ## - LOCALIZACIÓN
Ubicación ES-MaACL
Número de control de estantería L-10119
Sublocalización o colección R.110644
942 ## - ELEMENTOS DE ENTRADA SECUNDARIOS (KOHA)
Fuente del sistema de clasificación o colocación Clasificación decimal universal
Holdings
Estatus retirado Estado de pérdida Estado de daño No para préstamo Biblioteca de origen Biblioteca actual Ubicación en estantería Fecha de adquisición Fuente de adquisición Total de préstamos Signatura topográfica completa Código de barras Visto por última vez Precio de reemplazo Tipo de ítem Koha
        Biblioteca del Ateneo de Madrid Biblioteca del Ateneo de Madrid Depósito 2 17/01/2008     L-10119 1065261 23/02/2023 23/02/2023 Libro impreso